Un verdor terrible.

Guardat en:
Dades bibliogràfiques
Autor principal: Labatut, Benjamín (autor)
Format: Desconegut
Idioma:anglès
Publicat: Barcelona, España: Anagrama, 2021.
Edició:Décima edición.
Col·lecció:Narrativas hispánicas,
Matèries:
Etiquetes: Afegir etiqueta
Sense etiquetes, Sigues el primer a etiquetar aquest registre!

MARC

LEADER 00000 a2200000 4500
003 CL-VaPUC
005 20240111155249.0
008 231219t2021 ||||| |||| 00| 0 eng d
999 |c 441205  |d 441203 
020 |a 978-84-339-9897-2 
040 |c Pontificia Universidad Católica de Valparaíso 
082 |2 22  |a Ch863 LAB 2021 
100 |a Labatut, Benjamín   |9 883263  |e autor 
245 |a Un verdor terrible. 
250 |a Décima edición.  
260 |a Barcelona, España:  |b Anagrama,   |c 2021. 
300 |a 214 páginas.  
490 |a Narrativas hispánicas,   |n  646. 
583 |k GC  |c 20231219 
650 0 |9 308278  |a Literatura chilena   |x Guerras Mundiales  |x Aspectos científicos  |y Siglo 20  
650 0 |9 265425  |a Novelas chilenas   |x Ciencias, descubrimientos científicos, teorías, etc.   |y Siglo 20  
942 |2 ddc  |c BK 
952 |0 0  |1 0  |2 ddc  |4 0  |6 CH_863_000000000000000_LAB_2021  |7 0  |8 A  |9 592921  |a BIBEDU  |b BIBEDU  |c GEN  |d 2023-12-19  |e 3  |g 17091.00  |i 5659850  |l 2  |o Ch863 LAB 2021  |p 5659850  |r 2024-05-10  |s 2024-05-02  |t 2  |v 17091.00  |w 2023-12-19  |y BK  |k LIT 
952 |0 0  |1 0  |2 ddc  |4 0  |6 CH_863_000000000000000_LAB_2021  |7 0  |8 A  |9 592922  |a BIBEDU  |b BIBEDU  |c GEN  |d 2023-12-19  |e 3  |g 17091.00  |i 5659849  |l 2  |o Ch863 LAB 2021  |p 5659849  |r 2024-05-03  |s 2024-04-29  |t 1  |v 17091.00  |w 2023-12-19  |y BK  |k LIT